000
00295pam a2200145 a 4500
020
_c
041
_a
eng
082
_b
CHO
100
_a
Rohini Choudhari.
245
_a
gautam Buddha
_h
Textual Documents
250
_a
2011.
260
_a
[s.l]:
_b
Penguine
300
_a
123pg.
930
_a
11591
999
_c
88494
_d
88494